| 000 | 00602cam a2200193 4500 | ||
|---|---|---|---|
| 001 | 4628 | ||
| 005 | 20250523160625.0 | ||
| 008 | 130204s2013 enkb 000 1 eng | ||
| 010 | _a 2013376193 | ||
| 020 | _a9780521389082 | ||
| 082 | _2306 HER | ||
| 100 | 1 | _aHerzfeld, Michael. | |
| 245 | 1 | 4 |
_aAnthropology through the looking - glass : _bcritical ethnography in the margins of Europe / |
| 264 | 1 |
_aMelbourne : _bCambridege University Press, _c1993. |
|
| 300 |
_a260 p. : _bill. ; _c26 cm. |
||
| 650 | 0 |
_aNepali people _zForeign countries _vFiction. |
|
| 651 | 0 |
_aNepal _vFiction. |
|
| 942 |
_2ddc _cMAIN |
||
| 999 |
_c10264 _d10265 |
||